Políticas de ingresos en programas de estabilización (Registro nro. 18238)

Detalles MARC
000 -LEADER
fixed length control field 00341 a2200109 4500
001 - CONTROL NUMBER
control field ART_15587
005 - DATE AND TIME OF LATEST TRANSACTION
control field 20260410161735.0
008 - FIXED-LENGTH DATA ELEMENTS--GENERAL INFORMATION
fixed length control field 260409a
100 1# - MAIN ENTRY--PERSONAL NAME
Personal name Carballo, Carlos
245 10 - TITLE STATEMENT
Title Políticas de ingresos en programas de estabilización
773 0# - HOST ITEM ENTRY
Title Ejecutivos de finanzas
Related parts - Año 6, Nº 50 (oct. 1988)
Record control number REV2863

No hay ítems disponibles.